| 000 | 00681nam a2200229 a 4500 | ||
|---|---|---|---|
| 001 | 63332 | ||
| 003 | BD-RjUL | ||
| 005 | 20211209081201.0 | ||
| 008 | 170129s1962 enk 001 0 eng d | ||
| 035 | _a(BD-RjUL)63461 | ||
| 040 |
_aBD-RjUL _cBD-RjUL _dBD-RjUL _beng |
||
| 041 | _aeng | ||
| 082 |
_223 _a827.09 _bMEI 1962 |
||
| 100 | 1 |
_aMercier, Vivian. _9188472 |
|
| 245 | 1 | 4 |
_aThe Irish comic tradition / _cby Vivian Mercier |
| 260 |
_aOxford : _bClarendon Press, _c1962 |
||
| 300 |
_a258 p. ; _c22 cm |
||
| 500 | _aIncludes index | ||
| 650 | 0 |
_aIrish literature _xHistory and criticism _9188473 |
|
| 650 | 0 |
_aIrish wit and humor _xHistory and criticism _9188474 |
|
| 942 |
_2ddc _cBK |
||
| 999 |
_c63332 _d63332 |
||